|
|
|
|
| LEADER |
00000nab a2200000 a 4500 |
| 001 |
vtls000399537 |
| 003 |
SK-MaSNL |
| 005 |
20260302231752.0 |
| 008 |
160202c1990 xo 0 slo |
| 015 |
|
|
|a SNBRB19rr/mm-uuuuu
|
| 035 |
|
|
|a CL0399661
|
| 040 |
|
|
|a SNKBUCL
|b slo
|c SNKBUCL
|e AACR2
|
| 041 |
0 |
|
|a slo
|
| 044 |
|
|
|a xo
|c SK
|
| 080 |
|
|
|a 796.42.077
|2 1981
|
| 080 |
|
|
|a 929 Orosz, Štefan
|2 1981
|
| 100 |
1 |
|
|a Hlaváčková, Emília
|4 aut
|9 883811
|
| 245 |
1 |
0 |
|a Môj vzor? Lee Labrada
|c Emília Hlaváčková ; Štefan Orosz
|
| 600 |
1 |
7 |
|a Orosz, Štefan
|d 1970-
|x profily
|2 snkbucl
|9 963053
|
| 650 |
0 |
7 |
|a Orosz, Štefan,
|d 1970-
|2 snkbucl
|9 963054
|
| 655 |
|
7 |
|a články z novín a časopisov
|2 snkbucl
|9 267496
|
| 773 |
0 |
|
|t Tréner
|g Roč. 34, č. 11 (1990), s. 674-676
|
| 850 |
|
|
|a Slovenská národná knižnica v Martine
|a MTA001
|
| 852 |
|
|
|a SNK
|b KIS3GCP
|
| 958 |
|
|
|a RK
|
| 958 |
|
|
|a CZ
|
| 992 |
|
|
|a RBX
|
| 999 |
|
|
|c 1540004
|d 1541934
|